00205 a2200109 4500001000700000020000600007040001100013100001700024240002500041245002000066362000900086177734 a  cMagnum aMaia, Fatima10aCriar e recrearlpor10aCriar e recrear0 a1899